| 000 | 00447nam a2200169Ia 4500 | ||
|---|---|---|---|
| 008 | 230711s9999||||xx |||||||||||||| ||und|| | ||
| 041 | _aENG | ||
| 082 |
_a4 _bLI-M |
||
| 100 | _aLiu, Yu Cheng | ||
| 245 | 0 | _aMicrocomputer systems::the 8086/8088 family | |
| 250 | _a2nd . . Ed. | ||
| 260 |
_c2005 _aNew Delhi _bPrentice-Hall of India Private Limited |
||
| 300 | _a621 | ||
| 650 | _aComputer Engineering | ||
| 700 | _aGibson,Glenn A. | ||
| 942 | _cBK | ||
| 999 |
_c708 _d708 |
||